Biblioteca

The first and second books of Esdras (Registro nro. 46009)

Detalles MARC
000 -LÍDER
Campo fijo de descripción fija 01151nam a22003614i 4500
001 - NÚMERO DE CONTROL
Campo de control 19647
003 - IDENTIFICADOR DEL NÚMERO DE CONTROL
Campo de control CO-MdFUSB
005 - FECHA Y HORA DE LA ULTIMA TRANSACCIÓN
control field 20190304130420.0
008 - ELEMENTOS DE LONGITUD FIJA -- INFORMACIÓN GENERAL
Campo fijo de descripción fija -- Información general 190228t1979 xxk||||| |||| 00| 0 eng d
040 ## - FUENTE DE CATALOGACIÓN
Agencia que realiza la transcripción CO-MdFUSB
Agencia que realiza la modificación CO-MdFUSB
Agencia de catalogación original CO-MdFUSB
Idioma de catalogación spa
Convenciones de la descripción rda
041 ## - CÓDIGO DE IDIOMA
Código de idioma para texto/pista de sonido o título separado eng
082 ## - NÚMERO DE CLASIFICACIÓN DECIMAL DEWEY
Número de la edición del Dewey 23
Número de clasificación G 229.1
Clave de autor-Numero de item G613e
100 1# - ASIENTO PRINCIPAL--NOMBRE PERSONAL
Nombre personal Coggins, R. J.
Término relacionador autor
245 #4 - TÍTULO
Título del Material The first and second books of Esdras
Mención de responsabilidad, etc. / Coggins, R. J. y Knibb, M.A.
264 #1 - PRODUCCIÓN, PUBLICACIÓN, DISTRIBUCIÓN, MANUFACTURA, Y COPYRIGHT
Lugar de producción, publicación, distribución, manufactura Londres :
Nombre del productor, publicador, distribuidor Cambridge University Press,
Fecha de producción, publicación, distribución, manufactura, o copyright ℗[1979]
264 #4 - PRODUCCIÓN, PUBLICACIÓN, DISTRIBUCIÓN, MANUFACTURA, Y COPYRIGHT
Fecha de producción, publicación, distribución, manufactura, o copyright ©1979
300 ## - DESCRIPCIÓN FÍSICA
Extensión xii, 314 páginas
Dimensiones : 21 cm
336 ## - TIPO DE CONTENIDO
Código de tipo de contenido txt
Fuente rdacontent
Término de tipo de contenido texto
337 ## - TIPO DE MEDIO
Fuente rdamedia
Código del tipo de medio n
Nombre del tipo de medio sin mediación
338 ## - TIPO DE SOPORTE
Fuente rdacarrier
Código Tipo de soporte nc
Nombre del tipo de soporte volumen
490 ## - MENCIÓN DE SERIE
Mención de serie The Cambridge Bible Commentary
505 ## - NOTA DE CONTENIDO
Nota de contenido con formato preestablecido Primer libro de Esdras -- Segundo libro de Esdras
563 ## - NOTA DE ENCUADERNACIÓN
Nota de encuadernación Tapa dura
630 07 - TITULO UNIFORME
Título uniforme Biblia.
Nombre de parte o sección de la obra Antiguo Testamento
630 07 - TITULO UNIFORME
Título uniforme Biblia.
Nombre de parte o sección de la obra Apócrifos
630 07 - TITULO UNIFORME
Título uniforme Biblia.
Nombre de parte o sección de la obra Esdras
700 ## - ASIENTO SECUNDARIO - NOMBRE PERSONAL
Nombre personal Ackroyd, P. R.
Responsabilidad editor generale
700 ## - ASIENTO SECUNDARIO - NOMBRE PERSONAL
Nombre personal Leaney, A. R. C.
Responsabilidad editor general
700 ## - ASIENTO SECUNDARIO - NOMBRE PERSONAL
Nombre personal Packer, J. W.
Responsabilidad editor general
700 ## - ASIENTO SECUNDARIO - NOMBRE PERSONAL
Nombre personal Knibb, M.A.
Responsabilidad autor
942 ## - TIPO DE MATERIAL (KOHA)
Tipo de Item KOHA Libros General
Existencias
Estado de Material Estado de Perdido Forma de Clasificación Estado de Dañado No para Préstamo Colección Tomo Biblioteca de Origen Biblioteca Permanente Fecha de Adquisición Total de Préstamos Signatura Topográfica Código de Barras Última vez visto Ejemplar/Existencia Fecha de Remplazo Tipo de Material
    Dewey Decimal Classification     Colección General   Biblioteca FUSBC Biblioteca FUSBC 05/05/2015   G 229.1 G613e 19711 12/12/2019 1 26/01/2016 Libros General

Biblioteca FUSBC | Teléfono: (57+4) 349 88 10 Ext. 141| WhatsApp (+57) 3005338115 
E-mail: biblioteca@unisbc.edu.co | Calle 76 87-14 Robledo Palenque, Medellín, Colombia

Con tecnología Koha